00223nam a2200073Ia 4500008004100000082000800041100002000049245008000069240331s9999 xx 000 0 und d bPAR aParanavitana, S 0aArchaeological survey of Ceylon :binscriptions of Ceylon-Volume II, part I